<?xml version="1.0" encoding="UTF-8"?>
<record
    xmlns:xsi="http://www.w3.org/2001/XMLSchema-instance"
    xsi:schemaLocation="http://www.loc.gov/MARC21/slim http://www.loc.gov/standards/marcxml/schema/MARC21slim.xsd"
    xmlns="http://www.loc.gov/MARC21/slim">

  <leader>01096nam a22002057a 4500</leader>
  <controlfield tag="005">20260409102222.0</controlfield>
  <datafield tag="010" ind1=" " ind2=" ">
    <subfield code="a">HIN-128902  HIN-131138</subfield>
  </datafield>
  <datafield tag="020" ind1=" " ind2=" ">
    <subfield code="a">9788194791157</subfield>
    <subfield code="c">150.00</subfield>
  </datafield>
  <datafield tag="035" ind1=" " ind2=" ">
    <subfield code="a">HN-101248  HN-103484</subfield>
  </datafield>
  <datafield tag="037" ind1=" " ind2=" ">
    <subfield code="b">DBAD</subfield>
  </datafield>
  <datafield tag="082" ind1=" " ind2=" ">
    <subfield code="a">821</subfield>
  </datafield>
  <datafield tag="245" ind1=" " ind2=" ">
    <subfield code="a">&#x939;&#x93F;&#x928;&#x94D;&#x926; &#x915;&#x940; &#x91A;&#x93E;&#x926;&#x930;/</subfield>
    <subfield code="c">&#x92C;&#x916;&#x94D;&#x936;&#x940;&#x936; &#x938;&#x93F;&#x902;&#x939; &#x914;&#x930; &#x91C;&#x938;&#x92A;&#x94D;&#x930;&#x940;&#x924; &#x938;&#x93F;&#x902;&#x939; &#x926;&#x94D;&#x935;&#x93E;&#x930;&#x93E; &#x905;&#x928;&#x941;&#x935;&#x93E;&#x926;&#x93F;&#x924; &#x90F;&#x935;&#x902; &#x938;&#x902;&#x92A;&#x93E;&#x926;&#x93F;&#x924;</subfield>
  </datafield>
  <datafield tag="250" ind1=" " ind2=" ">
    <subfield code="a">&#x92A;&#x94D;&#x930;&#x925;&#x92E; </subfield>
  </datafield>
  <datafield tag="260" ind1=" " ind2=" ">
    <subfield code="a">&#x930;&#x93E;&#x91C;&#x938;&#x94D;&#x925;&#x93E;&#x928;</subfield>
    <subfield code="b">&#x905;&#x92D;&#x93F;&#x928;&#x935; &#x92A;&#x94D;&#x930;&#x915;&#x93E;&#x936;&#x928;</subfield>
    <subfield code="c">2022</subfield>
  </datafield>
  <datafield tag="270" ind1=" " ind2=" ">
    <subfield code="a">&#x92A;&#x94D;&#x930;&#x925;&#x92E; &#x92E;&#x902;&#x91C;&#x93F;&#x932; 56 &#x907;&#x932;&#x93E;&#x939;&#x93E;&#x92C;&#x93E;&#x926; &#x92C;&#x948;&#x902;&#x915; (&#x907;&#x902;&#x921;&#x93F;&#x92F;&#x928; &#x92C;&#x948;&#x902;&#x915;) &#x915;&#x947; &#x938;&#x93E;&#x92E;&#x928;&#x947;,  &#x915;&#x91A;&#x939;&#x930;&#x940; &#x930;&#x94B;&#x921;, </subfield>
    <subfield code="b">&#x905;&#x91C;&#x92E;&#x947;&#x930;(&#x930;&#x93E;&#x91C;&#x938;&#x94D;&#x925;&#x93E;&#x928;)</subfield>
    <subfield code="e">305001</subfield>
    <subfield code="k">01452431158, </subfield>
    <subfield code="k">9983111549</subfield>
    <subfield code="m">info@abhinavprakashan.com</subfield>
  </datafield>
  <datafield tag="300" ind1=" " ind2=" ">
    <subfield code="a">104.&#x92A;&#x943;.</subfield>
    <subfield code="c">22 &#x938;&#x947;&#x92E;&#x940; (&#x905;&#x91C;&#x93F;&#x932;&#x94D;&#x926; )</subfield>
  </datafield>
  <datafield tag="700" ind1=" " ind2=" ">
    <subfield code="a">&#x92C;&#x916;&#x94D;&#x936;&#x940;&#x936; &#x938;&#x93F;&#x902;&#x939;</subfield>
    <subfield code="9">74767</subfield>
  </datafield>
  <datafield tag="700" ind1=" " ind2=" ">
    <subfield code="a">&#x91C;&#x938;&#x92A;&#x94D;&#x930;&#x940;&#x924; &#x938;&#x93F;&#x902;&#x939; </subfield>
    <subfield code="9">74768</subfield>
  </datafield>
  <datafield tag="942" ind1=" " ind2=" ">
    <subfield code="2">ddc</subfield>
    <subfield code="c">HN</subfield>
    <subfield code="h">821</subfield>
    <subfield code="m">&#x939;&#x93F;&#x902;&#x926;&#x915;&#x940;</subfield>
  </datafield>
  <datafield tag="999" ind1=" " ind2=" ">
    <subfield code="c">207455</subfield>
    <subfield code="d">207455</subfield>
  </datafield>
  <datafield tag="952" ind1=" " ind2=" ">
    <subfield code="0">0</subfield>
    <subfield code="1">0</subfield>
    <subfield code="4">0</subfield>
    <subfield code="7">0</subfield>
    <subfield code="8">NFIC</subfield>
    <subfield code="a">BN</subfield>
    <subfield code="b">BN</subfield>
    <subfield code="d">2024-12-06</subfield>
    <subfield code="e">DBAD</subfield>
    <subfield code="g">150.00</subfield>
    <subfield code="l">0</subfield>
    <subfield code="o">821 &#x939;&#x93F;&#x902;&#x926;&#x915;&#x940;</subfield>
    <subfield code="p">HN-101248</subfield>
    <subfield code="r">2024-12-06 00:00:00</subfield>
    <subfield code="t">1</subfield>
    <subfield code="v">150.00</subfield>
    <subfield code="w">2024-12-06</subfield>
    <subfield code="y">HN</subfield>
  </datafield>
  <datafield tag="952" ind1=" " ind2=" ">
    <subfield code="0">0</subfield>
    <subfield code="1">0</subfield>
    <subfield code="4">0</subfield>
    <subfield code="7">0</subfield>
    <subfield code="8">NFIC</subfield>
    <subfield code="a">ZLS</subfield>
    <subfield code="b">ZLS</subfield>
    <subfield code="d">2026-04-09</subfield>
    <subfield code="e">Delivery of Books Act Division</subfield>
    <subfield code="g">150.00</subfield>
    <subfield code="l">0</subfield>
    <subfield code="o">821 &#x939;&#x93F;&#x902;&#x926;&#x915;&#x940;</subfield>
    <subfield code="p">HN-103484</subfield>
    <subfield code="r">2026-04-09 10:23:27</subfield>
    <subfield code="t">1</subfield>
    <subfield code="v">150.00</subfield>
    <subfield code="w">2026-04-09</subfield>
    <subfield code="y">HN</subfield>
  </datafield>
</record>
